Introducción a la estética de la música /

Contiene: ¿Qué es la música?; El material sonoro; Las relaciones sonoras; La psicología de la música; La forma musical; Historiografía musical.

Uloženo v:
Podrobná bibliografie
Hlavní autor: Hurtado, Leopoldo (autor)
Médium: Kniha
Jazyk:španělština
Vydáno: Buenos Aires, Argentina : Ricordi Americana, 1951, c1951
Témata:
Tagy: Přidat tag
Žádné tagy, Buďte první, kdo vytvoří štítek k tomuto záznamu!

MARC

LEADER 00000nam^a2200000^a^4500
001 000158603
005 20250521000000.0
009 20260310100620.516
037 |a Acervo ITESO - Biblioteca 
041 |a ESP 
082 |a 780. 12  |b HUR 
100 |a Hurtado, Leopoldo  |e (autor) 
245 1 0 |a Introducción a la estética de la música /  |c L. Hurtado. 
264 4 |a Buenos Aires, Argentina :  |b Ricordi Americana,  |c 1951, c1951 
300 |a 158 p. 
336 |a texto  |b txt  |2 rdacontenido 
337 |a sin mediación  |b n  |2 rdamedio 
338 |a volumen  |b nc  |2 rdasoporte 
520 |a Contiene: ¿Qué es la música?; El material sonoro; Las relaciones sonoras; La psicología de la música; La forma musical; Historiografía musical. 
649 |a XX 
650 |a Estética 
650 |a Lenguaje y Notación Musical -  |x Teoría 
650 |a Melodía 
650 |a Contrapunto -  |x Teoría 
650 |a Textura (Música) 
650 |a Sonido Musical 
650 |a Elementos Musicales -  |x Teoría 
650 |a Creación (Literaria, Artística, etc.) 
650 |a Recepción y Apreciación de la Música 
650 |a Recepción y Apreciación del Arte 
650 |a Música -  |x Aspectos Psicológicos 
650 |a Música -  |x Historia y Crítica 
910 |a Fondo Salvador Reynoso Reynoso 
920 |a Impresos - Libros 
930 |a Fondos Especiales 
905 |a 112 
901 |a 0500090185  |b IT2  |c ESP  |u 20250521 
902 |a https://opac.biblio.iteso.mx/vufind/Record/000158603